Les salles de spectacle en France - Statistiques

Statistiques générales
  • Ce quiz a été pris 21 fois
  • Le résultat moyen est 7 sur 30
Statistiques - réponses
Question Réponse % Correct
Quelle salle existe dans le 18e arrondissement à Paris ? La Cigale
100%
Quelle est la plus grande salle de spectacle d'Auvergne-Rhône-Alpes ? Halle Tony-Garnier de Lyon
80%
Le théâtre de Bagnoles-de-l'Orne rend hommage à un grand acteur... Lequel ? Jean Gabin
60%
Quel nom de salle n'existe pas ? Le Submersible
60%
Où se trouve l'Arena Pierre-Mauroy ? Près de Lille
60%
En Bretagne, on ne peut pas voir un spectacle au Hall de Belle-Isle
40%
La plus grande salle de Bourgogne-Franche-Comté se trouve à Dijon
40%
A Boulogne-Billancourt se trouve... La Seine musicale
40%
A Chambéry, une salle se nomme... Le Phare
40%
Quelle est la capacité du Théâtre de Plein Air de Colmar ? 10000 places
20%
Les arènes de Nîmes disposent de ... 13000 places
20%
Parmi les grandes salles françaises, combien portent le nom d'André Malraux ? 5
20%
L'Espace Ligéria se trouve... En Indre-et-Loire
20%
L'Arkéa Arena se situe à Floirac
20%
Le plus grand opéra de France est le Berlioz à Montpellier
20%
Une salle de 3000 places de Firmniny s'appelle... Le Firmament
20%
Une salle de spectacle de Roanne se nomme... Le Scarabée
20%
Quelle ville n'a pas d'arènes servant de salles de spectacle de plus de 10000 places ? Orange
20%
La plus grande salle de Corse, à Ajaccio, peut accueillir... 2800 personnes
0%
Le Grand Carrousel du Puy du Fou dispose de ... 3000 places
0%
A Bergerac, on peut se rendre... à la Rocksane
0%
Gayant expo se trouve... dans le Nord
0%
D'où vient le nom de la Halle Tony-Garnier à Lyon ? De son architecte
0%
Il n'existe pas de salle nommée le Cube à... Forbach
0%
A Reims on peut aller au spectacle à La Cartonnerie
0%
La plus grande salle de Bordeaux intra-muros est... la patinoire de Mériadeck
0%
A Montluçon, une salle se nomme L'Athanor
0%
Quelle salle ne se trouve pas en Saône-et-Loire ? La Vapeur
0%
La plus grande salle de la Réunion se nomme Le bato fou
0%
La plus grande salle de spectacle est Paris La Défense Arena
0%
Aucun quiz correspondant
Distribution des résultats
% des personnes avec chaque résultat
Percentile par nombre de réponses
Votre historique - résultats
Vous n’avez pas pris ce quiz